[Event "Chigorin Memorial 23rd"]
[Site "St Petersburg"]
[Date "2015.10.04"]
[Round "2"]
[White "Khatenever, Feliks"]
[Black "Sinyanskiy, Maxim"]
[Result "0-1"]
[WhiteElo "1767"]
[BlackElo "2043"]
[PlyCount "72"]
[EventDate "2015.10.03"]
[EventType "swiss"]
[EventRounds "9"]
[EventCountry "RUS"]
[SourceTitle "CBM 168 Extra"]
[Source "ChessBase"]
[SourceDate "2015.10.29"]
[SourceVersion "1"]
[SourceVersionDate "2015.10.29"]
[SourceQuality "1"]

1. e4 c5 2. Nc3 Nc6 3. g3 g6 4. Bg2 Bg7 5. f4 d6 6. Nf3 e6 7. 0-0 Nge7 8. d3 0-0 9. h3 Rb8 10. a4 a6 11. Kh2 b5 12. axb5 axb5 13. Ne2 f5 14. c3 b4 15. exf5 gxf5 16. d4 bxc3 17. bxc3 cxd4 18. Nfxd4 Nxd4 19. cxd4 Bb7 20. Bxb7 Rxb7 21. Rf2 Nd5 22. Bd2 Qb6 23. Ba5 Qb2 24. Be1 Ne3 25. Qc1 Bxd4 26. Qxb2 Bxb2 27. Ra6 Rd8 28. Ba5 Rdd7 29. Ra8+ Kf7 30. Ng1 Bf6 31. Nf3 Nc4 32. Be1 e5 33. Ra4 Nb2 34. Ra2 Nd3 35. Rfe2 e4 36. Bd2 exf3 0-1

[Event "Chigorin Memorial 23rd"]
[Site "St Petersburg"]
[Date "2015.10.03"]
[Round "1"]
[White "Gogin, Maksim"]
[Black "Khatenever, Feliks"]
[Result "1-0"]
[WhiteElo "2220"]
[BlackElo "1767"]
[PlyCount "87"]
[EventDate "2015.10.03"]
[EventType "swiss"]
[EventRounds "9"]
[EventCountry "RUS"]
[SourceTitle "CBM 168 Extra"]
[Source "ChessBase"]
[SourceDate "2015.10.29"]
[SourceVersion "1"]
[SourceVersionDate "2015.10.29"]
[SourceQuality "1"]

1. d4 Nf6 2. Bg5 Ne4 3. Bf4 e6 4. f3 Nf6 5. e4 d5 6. Nc3 Bb4 7. Qd3 0-0 8. 0-0-0 Bxc3 9. Qxc3 dxe4 10. fxe4 Nxe4 11. Qe1 Nf6 12. Bd3 Qd5 13. Kb1 Nc6 14. Nf3 g6 15. Qh4 Nh5 16. Bh6 Nb4 17. b3 Nxd3 18. Bxf8 Kxf8 19. Rxd3 Kg7 20. Rf1 Bd7 21. Ne5 f6 22. Nxd7 Qxd7 23. g4 f5 24. gxh5 Rf8 25. Rh3 Qd8 26. Qxd8 Rxd8 27. hxg6 hxg6 28. c3 b5 29. Re1 Kf6 30. Rh7 b4 31. Rxc7 bxc3 32. Rxc3 Rxd4 33. Rc6 g5 34. Rcxe6+ Kg7 35. Ra6 Rd7 36. Ree6 g4 37. Rg6+ Kh7 38. Rh6+ Kg7 39. Rag6+ Kf8 40. Rh8+ Kf7 41. Rh7+ Kxg6 42. Rxd7 f4 43. Kc2 Kf5 44. Rxa7 1-0

[Event "Chigorin Memorial 22nd"]
[Site "St Petersburg"]
[Date "2014.10.19"]
[Round "2"]
[White "Dobrovlyanskiy, Dmitriy"]
[Black "Khatenever, Feliks"]
[Result "1-0"]
[WhiteElo "2117"]
[BlackElo "1795"]
[PlyCount "61"]
[EventDate "2014.10.18"]
[EventType "swiss"]
[EventRounds "9"]
[EventCountry "RUS"]
[SourceTitle "EXT 2015"]
[Source "ChessBase"]
[SourceDate "2014.11.20"]
[SourceVersion "1"]
[SourceVersionDate "2014.11.20"]
[SourceQuality "1"]

1. d4 Nf6 2. Nf3 g6 3. g3 Bg7 4. Bg2 d6 5. 0-0 c6 6. c4 0-0 7. Nc3 Qc7 8. e4 Bg4 9. h3 Bxf3 10. Qxf3 a5 11. Be3 Nbd7 12. Qe2 a4 13. Rad1 Rfd8 14. f4 e5 15. fxe5 dxe5 16. d5 cxd5 17. Nxd5 Nxd5 18. cxd5 f6 19. h4 Rac8 20. Rc1 Qa5 21. Bh3 Rxc1 22. Rxc1 f5 23. exf5 Qxd5 24. fxg6 hxg6 25. Rd1 Qe4 26. Qd3 Qxd3 27. Rxd3 e4 28. Rxd7 Rb8 29. Be6+ Kh8 30. Bd4 Bxd4+ 31. Rxd4 1-0

[Event "Chigorin Memorial 21st"]
[Site "St Petersburg"]
[Date "2013.10.09"]
[Round "5"]
[White "Kartsev, Evgeni"]
[Black "Khatenever, Feliks"]
[Result "1-0"]
[WhiteElo "2067"]
[BlackElo "1837"]
[PlyCount "161"]
[EventDate "2013.10.05"]
[EventType "swiss"]
[EventRounds "9"]
[EventCountry "RUS"]
[SourceTitle "CBM 156 Extra"]
[Source "ChessBase"]
[SourceDate "2013.10.22"]
[SourceVersion "1"]
[SourceVersionDate "2013.10.22"]
[SourceQuality "1"]

1. e4 c5 2. Nf3 Nc6 3. Bb5 Qb6 4. Qe2 e6 5. c3 Nge7 6. h4 a6 7. Ba4 d6 8. h5 h6 9. a3 Qa5 10. Bc2 Bd7 11. b3 Qc7 12. Bb2 e5 13. Nh4 0-0-0 14. Qf3 f6 15. d3 Kb8 16. Nd2 Qc8 17. Bd1 Be6 18. g4 d5 19. Rb1 Qd7 20. Bc1 dxe4 21. dxe4 Qd3 22. Qxd3 Rxd3 23. Bb2 Rg8 24. Be2 Rd8 25. b4 Nc8 26. Bc4 Bxc4 27. Nxc4 b5 28. Ne3 Nb6 29. f3 Na4 30. Nd5 Ne7 31. Nxe7 Bxe7 32. Nf5 Bd6 33. Ke2 Bc7 34. Rhd1 Rxd1 35. Kxd1 Rd8+ 36. Kc2 Rd7 37. Rf1 cxb4 38. axb4 Kb7 39. Bc1 Bb6 40. Bd2 Ba7 41. Rd1 Nb6 42. Be3 Rc7 43. Bxb6 Bxb6 44. Rd5 Bf2 45. Nd6+ Kb8 46. Rd3 Ka7 47. Kb3 Kb6 48. Nf5 Kb7 49. Kc2 Kc8 50. Kd2 Bb6 51. Rd6 Kb7 52. Rd8 a5 53. Rg8 axb4 54. cxb4 Ka6 55. Rxg7 Rc4 56. Rg6 Rxb4 57. Kc3 Rc4+ 58. Kb3 Ka5 59. Rxf6 Rb4+ 60. Kc3 Ra4 61. g5 Bd8 62. Rxh6 Bxg5 63. Rg6 Bf4 64. h6 Rc4+ 65. Kd3 Rc8 66. h7 Rd8+ 67. Kc3 Rh8 68. Rg7 Bg5 69. Rxg5 Rxh7 70. Ne3 Ka4 71. Rxe5 b4+ 72. Kd4 Rf7 73. Rf5 Rd7+ 74. Nd5 Rd8 75. Rf7 Ka3 76. Rb7 b3 77. f4 Ka2 78. f5 b2 79. f6 b1Q 80. Rxb1 Kxb1 81. e5 1-0

[Event "Chigorin Memorial 20th"]
[Site "St Petersburg"]
[Date "2012.11.03"]
[Round "8"]
[White "Khatenever, Feliks"]
[Black "Potyavin, Igor"]
[Result "0-1"]
[WhiteElo "1843"]
[BlackElo "2049"]
[PlyCount "116"]
[EventDate "2012.10.27"]
[EventType "swiss"]
[EventRounds "9"]
[EventCountry "RUS"]
[SourceTitle "EXT 2013"]
[Source "ChessBase"]
[SourceDate "2012.11.22"]
[SourceVersion "1"]
[SourceVersionDate "2012.11.22"]
[SourceQuality "1"]

1. d4 c5 2. e3 e6 3. Nf3 d5 4. b3 Nf6 5. Bd3 Nc6 6. a3 Be7 7. Bb2 0-0 8. 0-0 a6 9. c4 b6 10. Nbd2 Bb7 11. Qe2 a5 12. Rfd1 a4 13. bxa4 Rxa4 14. cxd5 exd5 15. Bb5 Ra7 16. Ne5 Qa8 17. dxc5 bxc5 18. a4 Nxe5 19. Bxe5 Bc6 20. Bxc6 Qxc6 21. Qb5 Qe6 22. Nf3 Rfa8 23. a5 Ne4 24. h3 Ng5 25. Nxg5 Qxe5 26. Nf3 Qe6 27. Qd3 Rd7 28. Kf1 g6 29. h4 Bf6 30. Ra4 Qa6 31. Qe2 Qc6 32. Qc2 Qb5+ 33. Kg1 Rxa5 34. Rg4 Bg7 35. h5 Qb2 36. Qxb2 Bxb2 37. hxg6 hxg6 38. Rb1 Ra1 39. Rxa1 Bxa1 40. Ra4 Bb2 41. Ra2 Bf6 42. Ra8+ Kg7 43. Rc8 c4 44. Nd4 Bxd4 45. exd4 Kf6 46. Rc6+ Ke7 47. Kf1 Ra7 48. Ke2 Ra3 49. Rc7+ Ke6 50. Rc6+ Kd7 51. Rf6 Ke7 52. Rf4 Ke6 53. Rh4 Rd3 54. g3 g5 55. Rg4 Kf5 56. f3 f6 57. Kf2 Rd2+ 58. Ke3 c3 0-1

[Event "Chigorin Memorial 20th"]
[Site "St Petersburg"]
[Date "2012.10.28"]
[Round "2"]
[White "Hallaeva, Bahar"]
[Black "Khatenever, Feliks"]
[Result "1-0"]
[WhiteElo "2139"]
[BlackElo "1843"]
[PlyCount "81"]
[EventDate "2012.10.27"]
[EventType "swiss"]
[EventRounds "9"]
[EventCountry "RUS"]
[SourceTitle "EXT 2013"]
[Source "ChessBase"]
[SourceDate "2012.11.22"]
[SourceVersion "1"]
[SourceVersionDate "2012.11.22"]
[SourceQuality "1"]

1. e4 d5 2. exd5 Qxd5 3. Nc3 Qd6 4. d4 c6 5. Nf3 Nf6 6. Bc4 g6 7. Ne5 Be6 8. 0-0 Bxc4 9. Nxc4 Qc7 10. Re1 Bg7 11. Qf3 0-0 12. Bf4 Qd8 13. Rad1 Nd5 14. Nxd5 cxd5 15. Ne3 e6 16. Ng4 Nc6 17. c3 Qd7 18. h4 f5 19. Nh6+ Bxh6 20. Bxh6 Rfe8 21. Re2 Nd8 22. Rde1 Nf7 23. Bf4 Rac8 24. Qg3 Rc6 25. h5 g5 26. Bxg5 Nxg5 27. Qxg5+ Kf7 28. Qh6 Kg8 29. Re3 Re7 30. Re5 Qe8 31. Qg5+ Kf7 32. h6 Kf8 33. Qf6+ Qf7 34. Qh8+ Qg8 35. Rxf5+ Rf7 36. Rxf7+ Kxf7 37. Qe5 Qg4 38. Re3 Ke7 39. Rg3 Qd1+ 40. Kh2 Rc8 41. Rg7+ 1-0

[Event "St Petersburg Spring op"]
[Site "St Petersburg"]
[Date "2012.03.29"]
[Round "8"]
[White "Minina, Veronika"]
[Black "Khatenever, Feliks"]
[Result "1-0"]
[WhiteElo "2097"]
[BlackElo "1852"]
[PlyCount "173"]
[EventDate "2012.03.22"]
[EventType "swiss"]
[EventRounds "9"]
[EventCountry "RUS"]
[SourceTitle "EXT 2013"]
[Source "ChessBase"]
[SourceDate "2012.11.22"]
[SourceVersion "1"]
[SourceVersionDate "2012.11.22"]
[SourceQuality "1"]

1. Nf3 d5 2. g3 c5 3. Bg2 Nf6 4. 0-0 e6 5. c4 Be7 6. d4 cxd4 7. Nxd4 0-0 8. cxd5 exd5 9. Nc3 Nc6 10. Bf4 a6 11. Rc1 Nxd4 12. Qxd4 Be6 13. Rfd1 Qa5 14. Nxd5 Nxd5 15. Bxd5 Bf6 16. Be5 Bxe5 17. Qxe5 Rfe8 18. e4 Rad8 19. Qc7 Qxc7 20. Rxc7 b5 21. Kg2 Rc8 22. Ra7 Bxd5 23. exd5 Ra8 24. Rc7 Kf8 25. d6 Red8 26. Kf3 Rac8 27. Ke4 g6 28. Ke5 Re8+ 29. Kd5 Rcd8 30. Ra7 Re2 31. Rxa6 Rxb2 32. Kc6 Rc2+ 33. Kb7 Rd7+ 34. Kb6 b4 35. Ra8+ Kg7 36. Ra7 Rd8 37. f4 Kf6 38. Ra5 Rb8+ 39. Ka7 Rcc8 40. Re5 Ra8+ 41. Kb6 Rab8+ 42. Ka5 Rc2 43. Ka4 Rxa2+ 44. Kb3 Ra3+ 45. Kb2 Raa8 46. d7 Rd8 47. Kb3 Rab8 48. Re4 Rb7 49. Red4 h5 50. Rd5 Kg7 51. Rd6 Kf8 52. R6d5 Kg7 53. f5 gxf5 54. Rxf5 Rdxd7 55. Rxd7 Rxd7 56. Rxh5 Rd4 57. Rc5 Kg6 58. Rc4 Rd2 59. Rh4 f5 60. Kxb4 Rc2 61. Kb3 Rc1 62. Rc4 Rd1 63. Rc2 Rd6 64. Kc3 Kg5 65. Rf2 Rd1 66. Kc2 Rd5 67. Kc3 Rd6 68. Rf4 Rd5 69. h3 Rd6 70. h4+ Kg6 71. Rd4 Ra6 72. Kd2 Ra3 73. Rd3 Ra6 74. Ke3 Re6+ 75. Kf3 Rc6 76. Rd4 Rc1 77. Rd6+ Kh5 78. Rf6 Rf1+ 79. Kg2 Rd1 80. Rxf5+ Kg6 81. Rf4 Rd2+ 82. Kf3 Rd1 83. Kg4 Rd6 84. h5+ Kh6 85. Kh4 Rd1 86. Rf6+ Kg7 87. Kg5 1-0

[Event "St Petersburg Botvinnik 100 op"]
[Site "St Petersburg"]
[Date "2011.08.16"]
[Round "5"]
[White "Bivol, Alina"]
[Black "Khatenever, Feliks"]
[Result "1-0"]
[WhiteElo "2171"]
[BlackElo "1849"]
[PlyCount "89"]
[EventDate "2011.08.12"]
[EventType "swiss"]
[EventRounds "9"]
[EventCountry "RUS"]
[SourceTitle "CBM 143 Extra"]
[Source "ChessBase"]
[SourceDate "2011.08.29"]
[SourceVersion "1"]
[SourceVersionDate "2011.08.29"]
[SourceQuality "1"]

1. e4 e6 2. d4 d5 3. exd5 exd5 4. c4 Nf6 5. Nc3 Be7 6. Nf3 0-0 7. Bd3 Bg4 8. 0-0 Nc6 9. Be3 dxc4 10. Bxc4 a6 11. h3 Bh5 12. g4 Bg6 13. Ne5 Nxe5 14. dxe5 Ne4 15. Qxd8 Rfxd8 16. Nd5 Bc5 17. Bxc5 Nxc5 18. Nxc7 Rac8 19. Nd5 Kf8 20. Ne3 b5 21. Bd5 a5 22. f4 Be4 23. Bxe4 Nxe4 24. Rfd1 g5 25. fxg5 Nxg5 26. Kg2 Ne6 27. Kg3 a4 28. Rd6 a3 29. bxa3 Rxd6 30. exd6 Rc3 31. Kf2 Rxa3 32. h4 Ra4 33. Rd1 Rxa2+ 34. Kf3 Ra8 35. Nd5 Rd8 36. Nc7 b4 37. Nxe6+ fxe6 38. Ke4 Ke8 39. Ke5 Kd7 40. Rf1 Rb8 41. Rf7+ Kc6 42. Rc7+ Kb6 43. Rc1 b3 44. d7 b2 45. Rc8 1-0

[Event "St Petersburg Botvinnik 100 op"]
[Site "St Petersburg"]
[Date "2011.08.13"]
[Round "2"]
[White "Khatenever, Feliks"]
[Black "Elkin, Leonid"]
[Result "1/2-1/2"]
[WhiteElo "1849"]
[BlackElo "2159"]
[PlyCount "120"]
[EventDate "2011.08.12"]
[EventType "swiss"]
[EventRounds "9"]
[EventCountry "RUS"]
[SourceTitle "CBM 143 Extra"]
[Source "ChessBase"]
[SourceDate "2011.08.29"]
[SourceVersion "1"]
[SourceVersionDate "2011.08.29"]
[SourceQuality "1"]

1. d4 Nf6 2. Nf3 g6 3. g3 Bg7 4. Bg2 0-0 5. 0-0 d6 6. c4 Nc6 7. Nc3 a6 8. e4 Bg4 9. h3 Bxf3 10. Bxf3 Nd7 11. Be3 e5 12. d5 Nd4 13. Bg2 c5 14. dxc6 bxc6 15. b3 Nc5 16. Rc1 a5 17. f4 Qe7 18. Qd2 Rfb8 19. f5 a4 20. b4 Rxb4 21. fxg6 hxg6 22. Bxd4 exd4 23. Ne2 Rab8 24. Nxd4 Qe8 25. Rc2 Nxe4 26. Bxe4 Qxe4 27. Nf3 Rb1 28. Qe2 Rxf1+ 29. Kxf1 Rb1+ 30. Kg2 Qxe2+ 31. Rxe2 Kf8 32. Ne1 Rc1 33. Nc2 Be5 34. h4 f5 35. Rd2 Kf7 36. Re2 Kf6 37. Rd2 Rb1 38. Nd4 Bxd4 39. Rxd4 Rb2+ 40. Kf3 Ke5 41. Rd3 Rxa2 42. Re3+ Kf6 43. Rd3 Ke6 44. Re3+ Kd7 45. Kf4 Rc2 46. Kg5 Rxc4 47. Kxg6 f4 48. gxf4 Rxf4 49. h5 Rg4+ 50. Kf7 Rh4 51. Re7+ Kd8 52. Re8+ Kc7 53. Kg6 Kb6 54. h6 Kb5 55. h7 a3 56. h8Q Rxh8 57. Rxh8 Kb4 58. Kf5 a2 59. Ra8 Kb3 60. Rb8+ Kc2 1/2-1/2

[Event "St Petersburg Botvinnik 100 op"]
[Site "St Petersburg"]
[Date "2011.08.12"]
[Round "1"]
[White "Vunder, Andrei"]
[Black "Khatenever, Feliks"]
[Result "1-0"]
[WhiteElo "2308"]
[BlackElo "1849"]
[PlyCount "120"]
[EventDate "2011.08.12"]
[EventType "swiss"]
[EventRounds "9"]
[EventCountry "RUS"]
[SourceTitle "CBM 143 Extra"]
[Source "ChessBase"]
[SourceDate "2011.08.29"]
[SourceVersion "1"]
[SourceVersionDate "2011.08.29"]
[SourceQuality "1"]

1. d4 Nf6 2. Nf3 g6 3. Bg5 Bg7 4. Nbd2 d6 5. c3 c6 6. e4 Nbd7 7. Be2 Qc7 8. 0-0 0-0 9. Qc2 b5 10. a4 bxa4 11. Rxa4 Nb6 12. Ra3 h6 13. Bh4 c5 14. Rfa1 g5 15. Bg3 Nh5 16. dxc5 Nxg3 17. hxg3 dxc5 18. Nf1 Be6 19. Ne3 Rfd8 20. Ra5 c4 21. e5 Rd7 22. Nd4 Bd5 23. Nxd5 Rxd5 24. Rxd5 Nxd5 25. e6 Nf6 26. exf7+ Kxf7 27. Bf3 Rd8 28. Nc6 Rd7 29. Rxa7 Qd6 30. Rxd7 Nxd7 31. Qf5+ Nf6 32. Ne5+ Kg8 33. Nxc4 Qa6 34. Be2 e6 35. Qa5 Qc8 36. Nb6 Qf8 37. Qa8 Kf7 38. Qxf8+ Bxf8 39. Bf3 Bc5 40. Nc4 Nd7 41. Kf1 Be7 42. Ke2 Nc5 43. g4 Bf8 44. Bc6 Nb3 45. Ba4 Nc5 46. Bc2 Nd7 47. f3 Bg7 48. Nd6+ Ke7 49. Ne4 Nb6 50. Bb3 Nd7 51. Ba2 Nb6 52. Nc5 Nd5 53. Bxd5 exd5 54. Nb3 Kd6 55. Nd4 Ke5 56. g3 Bf8 57. b4 Kf6 58. Kd3 Ke5 59. c4 dxc4+ 60. Kxc4 Kd6 1-0

[Event "St Petersburg White Nights op"]
[Site "St Petersburg"]
[Date "2011.06.13"]
[Round "7"]
[White "Khatenever, Feliks"]
[Black "Tarasov, Ilya"]
[Result "0-1"]
[WhiteElo "1842"]
[BlackElo "2001"]
[PlyCount "116"]
[EventDate "2011.06.07"]
[EventType "swiss"]
[EventRounds "9"]
[EventCountry "RUS"]
[SourceTitle "EXT 2012"]
[Source "ChessBase"]
[SourceDate "2011.11.24"]
[SourceVersion "1"]
[SourceVersionDate "2011.11.24"]
[SourceQuality "1"]

1. Nf3 Nf6 2. g3 d5 3. d4 e6 4. Bg2 c5 5. c4 Nc6 6. cxd5 exd5 7. 0-0 Be7 8. Nc3 h6 9. Bf4 0-0 10. Qd2 Ne4 11. Nxe4 dxe4 12. Ne5 Nxe5 13. dxe5 Qxd2 14. Bxd2 Bf5 15. Rfd1 Rad8 16. Bc3 Bg5 17. h4 Be7 18. a4 b6 19. Kh2 Rfe8 20. Bh3 Bxh3 21. Kxh3 h5 22. Kg2 c4 23. Kf1 Bc5 24. Rac1 a6 25. Ke1 b5 26. Ba5 Rxd1+ 27. Rxd1 Rxe5 28. Rd8+ Kh7 29. axb5 axb5 30. Bc3 Rf5 31. e3 f6 32. Rd7 Kg6 33. Ke2 Bf8 34. Bd4 Bb4 35. Rd8 Be7 36. Rd7 Kf7 37. Rb7 Ke6 38. Rb8 g5 39. hxg5 fxg5 40. Rb6+ Kf7 41. Rh6 h4 42. gxh4 gxh4 43. Rh7+ Ke6 44. Rh6+ Kd7 45. Kf1 Rf3 46. Rh7 Ke6 47. Rh6+ Kf5 48. Rh7 Bg5 49. Rb7 h3 50. Rh7 Kg4 51. Kg1 Bh4 52. Rg7+ Kf5 53. Rf7+ Ke6 54. Rb7 Rxf2 55. Rb6+ Kf5 56. Rxb5+ Kg4 57. Rb7 h2+ 58. Kh1 Kh3 0-1

[Event "St Petersburg Spring op"]
[Site "St Petersburg"]
[Date "2011.03.30"]
[Round "8"]
[White "Khatenever, Feliks"]
[Black "Bezobrazov, Lev"]
[Result "0-1"]
[WhiteElo "1853"]
[BlackElo "1666"]
[PlyCount "115"]
[EventDate "2011.03.23"]
[EventType "swiss"]
[EventRounds "9"]
[EventCountry "RUS"]
[SourceTitle "CBM 141 Extra"]
[Source "ChessBase"]
[SourceDate "2011.05.03"]
[SourceVersion "1"]
[SourceVersionDate "2011.05.03"]
[SourceQuality "1"]

1. d4 Nf6 2. g3 d5 3. Bg2 e6 4. Nf3 Bd6 5. c4 c6 6. Nc3 Nbd7 7. 0-0 0-0 8. a4 Bb4 9. Qc2 Ba5 10. Bg5 h6 11. Bf4 dxc4 12. Nd2 Nb6 13. b4 Bxb4 14. a5 Nbd5 15. Na2 Bxa5 16. Nxc4 Nxf4 17. gxf4 Bc7 18. e3 Nd5 19. Nc3 Qh4 20. Ne4 f5 21. Ng3 g5 22. Ne5 Bxe5 23. fxe5 Bd7 24. Qb3 b6 25. e4 fxe4 26. Nxe4 Rf4 27. Qg3 Rxe4 28. Bxe4 Qxe4 29. Rae1 Qf5 30. f3 Nf4 31. h4 Kh7 32. Kh2 Rg8 33. Rg1 Be8 34. d5 exd5 35. e6 Rg7 36. e7 Nh5 37. Qg4 Qxg4 38. fxg4 Nf6 39. Re6 Rf7 40. hxg5 hxg5 41. Re5 Ne4 42. Rd1 Rf4 43. Ra1 a5 44. Kh3 Kg6 45. Re6+ Kf7 46. Rh6 Kxe7 47. Rh7+ Bf7 48. Rh8 Nf2+ 49. Kg2 Nxg4 50. Rb8 Ne3+ 51. Kg3 Nc4 52. Rh1 Rh4 53. Rb7+ Kf8 54. Re1 Re4 55. Rf1 Re7 56. Rb8+ Kg7 57. Rc8 c5 58. Rc6 0-1

[Event "Chigorin Memorial 18th"]
[Site "St Petersburg"]
[Date "2010.11.05"]
[Round "9"]
[White "Chan, Naruna"]
[Black "Khatenever, Feliks"]
[Result "1-0"]
[WhiteElo "1753"]
[BlackElo "1876"]
[PlyCount "109"]
[EventDate "2010.10.28"]
[EventType "swiss"]
[EventRounds "9"]
[EventCountry "RUS"]
[SourceTitle "EXT 2011"]
[Source "ChessBase"]
[SourceDate "2010.11.26"]
[SourceVersion "1"]
[SourceVersionDate "2010.11.26"]
[SourceQuality "1"]

1. d4 Nf6 2. c4 g6 3. Nc3 d5 4. cxd5 Nxd5 5. e4 Nxc3 6. bxc3 c5 7. Bb5+ Bd7 8. Bxd7+ Nxd7 9. Nf3 Bg7 10. 0-0 0-0 11. Rb1 Qc7 12. Qb3 b6 13. Be3 h6 14. e5 e6 15. Nd2 Rfd8 16. Ne4 Bf8 17. Qd1 Bg7 18. Qg4 f5 19. exf6 Nxf6 20. Qxg6 Qf7 21. Nxf6+ Qxf6 22. Qxf6 Bxf6 23. dxc5 Kg7 24. cxb6 axb6 25. Rxb6 Kf7 26. Bxh6 Rxa2 27. c4 Rc8 28. Be3 Rxc4 29. h3 Rca4 30. Rd1 Ra1 31. Rxa1 Rxa1+ 32. Kh2 Be5+ 33. g3 Ra2 34. Kg2 Kf6 35. Kf3 Bc3 36. g4 Ra3 37. Rb5 Ra1 38. Rc5 Bb2 39. Rh5 Ra3 40. Rh6+ Kf7 41. Rh5 Kg6 42. Rb5 Ra2 43. h4 Bc3 44. h5+ Kf7 45. g5 Ra1 46. Rb7+ Kg8 47. Re7 Ra6 48. h6 e5 49. Kg4 Kf8 50. Bc5 Kg8 51. Kf5 e4 52. g6 Rf6+ 53. Kg5 Rf8 54. Rxe4 Bd2+ 55. f4 1-0